000
00274nam a2200121Ia 4500
005
20251222144643.0
008
251222s9999||||xx |||||||||||||| ||spa||
020
_a
958-691-050-4
082
_a
465/C77
245
0
_a
Lengua Castellana:
264
_b
Magisterio
942
_c
LIB
999
_c
16764
_d
16764